[Event "AUTO-OPEN-473"]
[Site "http://www.queenalice.com/game.php?id=138768"]
[Date "2006.12.8"]
[Round "1"]
[White "nospherus"]
[Black "ricardosf"]
[Result "1-0"]
[WhiteElo "1417"]
[BlackElo "1258"]

1. e4 c5 2. d3 Nf6 3. Nc3 Qa5 4. Be3 Nc6 5. Qd2 Nb4 6. O-O-O Nxa2+ 7. Nxa2 Qxa2
8. Qc3 Ng4 9. Bxc5 d6 10. Bb4 Qa1+ 11. Kd2 Nxf2 12. Rxa1 Nxh1 13. Qc7 g6 14. Ba5
Bh6+ 15. Kd1 f5 16. Qd8+ Kf7 17. Qxh8 Nf2+ 18. Ke2 Ng4 19. Qxh7+ Kf6 20. Bc3+ e5
21. Ra5 fxe4 22. dxe4 Nxh2 23. Qxh6 Bg4+ 24. Kf2 b6 25. Ra6 Bd1 26. Qh4+ g5 27.
Qh6+ Kf7 28. Bc4+ Ke7 29. Be6 g4 30. Qg6 g3+ 31. Kxg3 Nf1+ 32. Kh4 Rh8+ 33. Kg5
Bh5 34. Qf6+ Ke8 35. Qxh8+ Ke7 36. Qxh5 Kxe6 37. Rxa7 Ng3 38. Qf7# 1-0

[Event "AUTO-OPEN-473"]
[Site "http://www.queenalice.com/game.php?id=138769"]
[Date "2006.12.8"]
[Round "1"]
[White "ricardosf"]
[Black "nospherus"]
[Result "0-1"]
[WhiteElo "1281"]
[BlackElo "1441"]

1. c4 e5 2. Nf3 d6 3. g4 Nc6 4. Qa4 d5 5. cxd5 Qxd5 6. e4 Qa5 7. Qxa5 Nxa5 8.
Nxe5 Nc6 9. Bb5 Ne7 10. Nxc6 bxc6 11. Bc4 Bxg4 12. Nc3 Bf3 13. O-O Rd8 14. d4
Rxd4 15. Be2 Bxe2 16. Nxe2 Rxe4 17. Nc3 Rg4+ 18. Kh1 Nd5 19. Re1+ Be7 20. Nxd5
cxd5 21. h3 Re4 22. Rxe4 dxe4 23. a4 h5 24. b4 Rh6 25. Bxh6 gxh6 26. Rg1 Bxb4
27. Rg8+ Ke7 28. Rb8 Bc5 29. Rb7 Bxf2 30. Rxc7+ Kf6 31. a5 e3 32. Rc2 Be1 33.
Rc7 Bxa5 34. Rxa7 Bd2 35. Kg2 e2 36. Ra6+ Ke5 37. Rxh6 e1=Q 38. Rxh5+ Ke4 39. h4
Qe2+ 40. Kg3 Qxh5 41. Kf2 Qxh4+ 42. Kg2 Be3 43. Kf1 Qf2# 0-1

[Event "AUTO-OPEN-473"]
[Site "http://www.queenalice.com/game.php?id=138770"]
[Date "2006.12.8"]
[Round "1"]
[White "nospherus"]
[Black "MarcosSP41"]
[Result "1-0"]
[WhiteElo "1196"]
[BlackElo "1320"]

1. e4 e5 2. d3 Qf6 3. Nc3 Bc5 4. Be3 b6 5. Nf3 g5 6. Bxg5 Qg6 7. Nd5 f6 8. Be3
Kf8 9. d4 Bb4+ 10. Nxb4 Qxe4 11. Bd3 Qg4 12. O-O Nh6 13. Bxh6+ Kf7 14. h3 Qg6
15. dxe5 Qxh6 16. exf6 Qxf6 17. Qe2 Qxb2 18. Rab1 Qf6 19. Bc4+ Kf8 20. Rfe1 Rg8
21. Qe8+ Kg7 22. Bxg8 Bb7 23. Re7+ Kh6 24. Rxh7# 1-0

[Event "AUTO-OPEN-473"]
[Site "http://www.queenalice.com/game.php?id=138771"]
[Date "2006.12.8"]
[Round "1"]
[White "MarcosSP41"]
[Black "nospherus"]
[Result "0-1"]
[WhiteElo "1320"]
[BlackElo "1301"]

1. e4 Nc6 2. c4 e5 3. c5 d6 4. cxd6 cxd6 5. Qf3 Qf6 6. Bc4 Nd4 7. Qa3 d5 8. Qa4+
Bd7 9. Qa5 dxc4 10. Qd5 Nc2+ 11. Kf1 Nxa1 12. Qxb7 Qc6 13. Qxc6 Bxc6 14. Nf3
Bxe4 15. Nc3 Bd3+ 16. Ke1 e4 17. Ne5 Bc5 18. h4 Nf6 19. b3 cxb3 20. axb3 Nxb3
21. Bb2 O-O-O 22. Nxf7 Ng4 23. Nxe4 Rde8 24. Bxg7 Rxe4+ 25. Kd1 Nxf2# 0-1

[Event "AUTO-BEG-48"]
[Site "http://www.queenalice.com/game.php?id=139489"]
[Date "2006.12.10"]
[Round "1"]
[White "Exir"]
[Black "nospherus"]
[Result "0-1"]
[WhiteElo "1170"]
[BlackElo "1472"]

1. Nc3 e5 2. b3 Nc6 3. Bb2 d6 4. e4 Nf6 5. Nf3 Be7 6. d4 exd4 7. Nxd4 Nxd4 8.
Qxd4 c5 9. Bb5+ Kf8 10. Qe3 Bd7 11. Bxd7 Qxd7 0-1

[Event "AUTO-BEG-48"]
[Site "http://www.queenalice.com/game.php?id=139490"]
[Date "2006.12.10"]
[Round "1"]
[White "nospherus"]
[Black "Exir"]
[Result "1-0"]
[WhiteElo "1463"]
[BlackElo "1174"]

1. e4 Nf6 2. Nc3 e5 3. d3 Bb4 4. Qf3 Bxc3+ 5. bxc3 O-O 6. Be3 d5 7. exd5 Nxd5 8.
Bc5 Re8 9. c4 e4 10. dxe4 Bg4 11. Qxg4 Nf6 12. Rd1 1-0

[Event "AUTO-BEG-48"]
[Site "http://www.queenalice.com/game.php?id=139505"]
[Date "2006.12.10"]
[Round "1"]
[White "nospherus"]
[Black "Gunnm"]
[Result "0-1"]
[WhiteElo "1271"]
[BlackElo "1370"]

1. e4 g5 2. Nc3 Bg7 3. d3 f6 4. Be3 e5 5. Qf3 Ne7 6. Qh5+ Ng6 7. Nd5 c6 8. Nc3
Qe7 9. Qe2 b5 10. O-O-O O-O 11. d4 Na6 12. dxe5 fxe5 13. Nf3 h6 14. Qd3 d5 15.
exd5 Rd8 16. Be2 cxd5 17. Nxd5 Qe6 18. Qxb5 e4 19. Ne1 Rd7 20. Qc5 Nxc5 21. Bxc5
Rxd5 22. Bc4 Rxd1+ 23. Kxd1 Qxc4 24. Be3 Bg4+ 25. f3 Rd8+ 26. Kc1 Qxa2 27. Bb6
Bxb2# 0-1

[Event "AUTO-BEG-48"]
[Site "http://www.queenalice.com/game.php?id=139506"]
[Date "2006.12.10"]
[Round "1"]
[White "Gunnm"]
[Black "nospherus"]
[Result "1-0"]
[WhiteElo "1382"]
[BlackElo "1471"]

1. e4 Nc6 2. Nc3 e5 3. g3 d6 4. Nf3 Be6 5. h4 Qd7 6. Ng5 Bg4 7. f3 Bh5 8. Nd5
O-O-O 9. Bh3 f5 10. Bxf5 Be7 11. d3 Rf8 12. Nxh7 Rxf5 13. exf5 Qxf5 14. Ng5 Bxg5
15. hxg5 Bxf3 16. Rf1 Qg4 17. Rxf3 Nd4 18. Rf8+ Kd7 19. Qxg4+ Kc6 20. Ne7+ Kc5
21. Be3 Rh1+ 22. Rf1 Rh2 23. O-O-O Rxc2+ 24. Kb1 Nxe7 25. Qd7 Nd5 26. Bg1 Re2
27. a3 Ne3 28. Rc1+ Ndc2 29. Bxe3+ Rxe3 30. Rxc2+ Kd4 31. Qxg7 Rxg3 32. Rfc1
Rxd3 33. Qxc7 b5 34. Rc3 e4 35. Qxd6+ Ke3 36. Re1+ Kf3 37. Rxd3+ exd3 38. Qxd3+
Kf2 39. Re2+ Kf1 40. Qd1# 1-0

[Event "AUTO-INT-316"]
[Site "http://www.queenalice.com/game.php?id=155894"]
[Date "2007.1.19"]
[Round "1"]
[White "nospherus"]
[Black "Viper_SB"]
[Result "0-1"]
[WhiteElo "1479"]
[BlackElo "1714"]

1. e4 e5 2. Nf3 d6 3. d4 f6 4. Nc3 Bd7 5. dxe5 fxe5 6. Bg5 Be7 7. Nd5 h6 8. Bh4
Bxh4 9. Nxh4 c6 10. Ng6 Rh7 11. Ne3 Qf6 12. Qh5 Kd8 13. Ng4 Bxg4 14. Qxg4 Nd7
15. Bc4 Ne7 16. Nxe7 Qxe7 17. Qe6 g5 18. Qg6 Kc7 19. O-O-O Rf8 20. Rhe1 Rxf2 21.
Re2 Rxe2 22. Bxe2 Nf8 23. Qf5 Rf7 24. Qg4 b5 25. Qf3 Rxf3 26. gxf3 Ne6 27. Rd3
Nd4 28. Ra3 Nxe2+ 29. Kd2 Nd4 30. Rxa7+ Kd8 31. Rxe7 Kxe7 0-1

[Event "AUTO-INT-316"]
[Site "http://www.queenalice.com/game.php?id=155895"]
[Date "2007.1.19"]
[Round "1"]
[White "Viper_SB"]
[Black "nospherus"]
[Result "1-0"]
[WhiteElo "1721"]
[BlackElo "1468"]

1. d4 e6 2. e4 Ne7 3. e5 d5 4. Nf3 Qd7 5. Bg5 f6 6. exf6 gxf6 7. Bxf6 Rg8 8. Ng5
Qd6 9. Nxh7 Bg7 10. Bd3 Nd7 11. Qh5+ Kd8 12. Bxg7 Rxg7 13. Nc3 Rxg2 14. O-O-O
Rxf2 15. Rhf1 Qf4+ 16. Kb1 Rxh2 17. Rxf4 Rxh5 18. b3 Nb8 19. Rf8+ Kd7 20. Nf6+
Kc6 21. Nxh5 Nd7 22. Bb5+ Kb6 23. Bxd7 c5 24. Bxe6 cxd4 25. Rxd4 Kc6 26. Nxd5
Nxd5 27. Bxd5+ Kc5 28. c3 a5 29. Rf5 Bxf5+ 30. Kb2 Rd8 31. Nf4 Kd6 32. Be6+ Ke7
33. Bxf5 1-0

[Event "AUTO-INT-316"]
[Site "http://www.queenalice.com/game.php?id=155896"]
[Date "2007.1.19"]
[Round "1"]
[White "nospherus"]
[Black "sh4rp3r"]
[Result "0-1"]
[WhiteElo "1419"]
[BlackElo "1382"]

1. e4 Nf6 2. Nc3 c5 3. Nf3 d5 4. exd5 Nxd5 5. d4 c4 6. Bxc4 Nxc3 7. bxc3 Be6 8.
Nd2 Bxc4 9. Nxc4 e6 10. Ba3 Bxa3 11. Nxa3 Nc6 12. Qb1 Na5 13. Qb5+ Nc6 14. Qxb7
Ne7 15. Nb5 Rb8 16. Qa6 Rb6 17. Qa4 Qd5 18. c4 Qe4+ 19. Kd1 Qxg2 20. Kd2 Qxf2+
21. Kc3 a6 22. c5 Rc6 23. Nc7+ Kf8 24. Nxa6 Nd5+ 0-1

[Event "AUTO-INT-316"]
[Site "http://www.queenalice.com/game.php?id=155897"]
[Date "2007.1.19"]
[Round "1"]
[White "sh4rp3r"]
[Black "nospherus"]
[Result "1-0"]
[WhiteElo "1363"]
[BlackElo "1447"]

1. d4 d5 2. e3 Nd7 3. c4 dxc4 4. Bxc4 Ngf6 5. Nc3 c5 6. dxc5 b6 7. c6 Ne5 8. Qa4
Nxc4 9. Qxc4 Be6 10. Qb5 a6 11. c7+ Qd7 12. Qxb6 Rc8 13. e4 Rxc7 14. Qxa6 Qc8
15. Qb6 Nd7 16. Qe3 Bc4 17. Nd5 Rb7 18. Qa3 e6 19. Qg3 exd5 20. exd5 Bxd5 21.
Ne2 Bb4+ 22. Bd2 Bc5 23. Nf4 Ne5 24. Nxd5 1-0